Women welfare and educational planning / (Record no. 69551)

MARC details
000 -LEADER
fixed length control field 00835nam a22002177a 4500
005 - DATE AND TIME OF LATEST TRANSACTION
control field 20120830142618.0
008 - FIXED-LENGTH DATA ELEMENTS--GENERAL INFORMATION
fixed length control field 120830t xxu||||| |||| 00| 0 eng d
010 ## - LCCN (DPL NO)
LC control number ENG-105713
020 ## - INTERNATIONAL STANDARD BOOK NUMBER
International Standard Book Number 9789380388526
Terms of availability 1095.00
035 ## - SYSTEM CONTROL NUMBER
System control number EN-89246
037 ## - SOURCE OF ACQUISITION
Source of stock number/acquisition DBAD/PUB
040 ## - CATALOGING SOURCE
Original cataloging agency DPL
Language of cataloging Eng
245 ## - TITLE STATEMENT
Title Women welfare and educational planning /
Statement of responsibility, etc edited by Vinod Kumar Bansal
260 ## - PUBLICATION, DISTRIBUTION, ETC. (IMPRINT)
Place of publication, distribution, etc New Delhi
Name of publisher, distributor, etc D.P.S. Publishing House
Date of publication, distribution, etc 2012
270 ## - ADDRESS
Address 4598/12-B, First Floor, Gola Cottage, Ansari Road
City New Delhi
Postal code 110002
Electronic mail address dpspublishinghouse@gmail.com
300 ## - PHYSICAL DESCRIPTION
Extent viii,280p.
Dimensions 22cm(Hb)
500 ## - GENERAL NOTE
General note Includes bibliographical references and index
700 ## - ADDED ENTRY--PERSONAL NAME
Personal name Bansal, Vinod Kumar
9 (RLIN) 51815
942 ## - ADDED ENTRY ELEMENTS (KOHA)
Source of classification or shelving scheme Dewey Decimal Classification
Item type English Books
Call number suffix WOM
Holdings
Withdrawn status Lost status Source of classification or shelving scheme Damaged status Not for loan Collection code Home library Current library Date acquired Source of acquisition Cost, normal purchase price Total Checkouts Full call number Barcode Date last seen Copy number Cost, replacement price Koha item type
    Dewey Decimal Classification   Not For Loan Non-fiction D.B.Act.Division D.B.Act.Division 30/08/2012 DBAD / PUB 1095.00   WOM EN-89246 30/08/2012 1 1095.00 English Books

© Delhi Public Library
Hit Counter
free hit counter